[Event "Deutsche Ländermeisterschaft 2024"]
[Site "Tübingen GER"]
[Date "2024.10.05"]
[Round "6"]
[White "Ratushna, Olha"]
[Black "Busch, Lara Sophie"]
[Result "1/2-1/2"]
[Termination "normal"]
[Board "3.8"]
[WhiteElo "1690"]
[BlackElo "1634"]
[WhiteClock "00:27:12"]
[BlackClock "00:18:36"]
[WhiteTeam "Bayern"]
[BlackTeam "Hamburg"]
[PlyCount "67"]
[WhiteFideId "34172602"]
[BlackFideId "34664866"]
[EventCountry "GER"]
[EventRounds "7"]
[EventType "team-swiss"]
[EventDate "2024.10.02"]

1. e4 {[%clk 01:30:59]} e5 {[%clk 01:30:58]} {[%emt 00:00:02]} 2. Nf3 {[%clk
01:31:23]} {[%emt 00:00:07]} Nc6 {[%clk 01:31:19]} {[%emt 00:00:09]} 3. Nc3
{[%clk 01:31:44]} {[%emt 00:00:08]} Nf6 {[%clk 01:31:42]} {[%emt 00:00:07]} 4.
d4 {[%clk 01:32:10]} {[%emt 00:00:05]} exd4 {[%clk 01:32:04]} {[%emt 00:00:07]}
5. Nxd4 {[%clk 01:32:36]} {[%emt 00:00:04]} Bb4 {[%clk 01:32:21]} {[%emt
00:00:13]} 6. Nxc6 {[%clk 01:32:56]} {[%emt 00:00:10]} bxc6 {[%clk 01:32:35]}
{[%emt 00:00:16]} 7. Bd3 {[%clk 01:33:18]} {[%emt 00:00:09]} d5 {[%clk
01:32:47]} {[%emt 00:00:17]} 8. exd5 {[%clk 01:33:43]} {[%emt 00:00:06]} O-O
{[%clk 01:33:01]} {[%emt 00:00:15]} 9. O-O {[%clk 01:33:16]} {[%emt 00:00:57]}
Bg4 {[%clk 01:33:04]} {[%emt 00:00:27]} 10. Ne2 {[%clk 01:32:25]} {[%emt
00:01:21]} cxd5 {[%clk 01:30:09]} {[%emt 00:03:25]} 11. c3 {[%clk 01:31:48]}
{[%emt 00:01:07]} Bd6 {[%clk 01:29:05]} {[%emt 00:01:33]} 12. Qc2 {[%clk
01:30:15]} {[%emt 00:02:04]} c5 {[%clk 01:25:25]} {[%emt 00:04:10]} 13. Bg5
{[%clk 01:28:16]} {[%emt 00:02:29]} h6 {[%clk 01:24:04]} {[%emt 00:01:51]} 14.
Bh4 {[%clk 01:27:47]} {[%emt 00:00:57]} Re8 {[%clk 01:19:50]} {[%emt 00:04:46]}
15. f3 {[%clk 01:23:59]} {[%emt 00:04:18]} Be6 {[%clk 01:12:41]} {[%emt
00:07:35]} 16. Rfe1 {[%clk 01:13:42]} {[%emt 00:10:52]} Rb8 {[%clk 01:07:10]}
{[%emt 00:06:00]} 17. b3 {[%clk 01:06:35]} {[%emt 00:07:37]} Be7 {[%clk
01:05:39]} {[%emt 00:02:01]} 18. Bg3 {[%clk 01:05:30]} {[%emt 00:01:35]} Bd6
{[%clk 01:05:17]} {[%emt 00:00:52]} 19. Bh4 {[%clk 01:03:48]} {[%emt 00:02:12]}
Be7 {[%clk 01:04:44]} {[%emt 00:01:03]} 20. Bg3 {[%clk 01:03:58]} {[%emt
00:00:20]} Bd6 {[%clk 01:04:46]} {[%emt 00:00:28]} 21. Bf2 {[%clk 01:00:40]}
{[%emt 00:03:48]} Qc7 {[%clk 01:03:36]} {[%emt 00:01:40]} 22. Bg3 {[%clk
00:59:41]} {[%emt 00:01:28]} Nd7 {[%clk 00:53:37]} {[%emt 00:10:30]} 23. f4
{[%clk 00:55:17]} {[%emt 00:04:55]} Bg4 {[%clk 00:51:00]} {[%emt 00:03:06]} 24.
Bf5 {[%clk 00:48:27]} {[%emt 00:07:20]} Nf6 {[%clk 00:45:13]} {[%emt 00:06:17]}
25. Bxg4 {[%clk 00:41:05]} {[%emt 00:07:52]} Nxg4 {[%clk 00:45:34]} {[%emt
00:00:08]} 26. Qd2 {[%clk 00:40:32]} {[%emt 00:01:04]} Rbd8 {[%clk 00:36:02]}
{[%emt 00:10:02]} 27. Qxd5 {[%clk 00:34:53]} {[%emt 00:06:10]} Ne3 {[%clk
00:29:11]} {[%emt 00:07:20]} 28. Qd3 {[%clk 00:31:21]} {[%emt 00:03:58]} c4
{[%clk 00:28:03]} {[%emt 00:01:41]} 29. Qb1 {[%clk 00:31:21]} {[%emt 00:00:29]}
Nd5 {[%clk 00:22:20]} {[%emt 00:06:15]} 30. Qb2 {[%clk 00:30:14]} {[%emt
00:01:38]} Nxf4 {[%clk 00:20:33]} {[%emt 00:02:16]} 31. Nxf4 {[%clk 00:29:02]}
{[%emt 00:01:42]} Bxf4 {[%clk 00:20:48]} {[%emt 00:00:15]} 32. Bxf4 {[%clk
00:28:40]} {[%emt 00:00:52]} Qxf4 {[%clk 00:21:13]} {[%emt 00:00:05]} 33. Qf2
{[%clk 00:27:12]} {[%emt 00:01:55]} Qxf2+ {[%clk 00:18:36]} {[%emt 00:03:11]}
34. Kxf2 {[%clk 00:27:12]} {[%emt 00:00:30]} 1/2-1/2

[Event "Deutsche Ländermeisterschaft 2024"]
[Site "Tübingen GER"]
[Date "2024.10.05"]
[Round "6"]
[White "Chassard, Cedric"]
[Black "Ermitsch, Magnus"]
[Result "1/2-1/2"]
[Termination "normal"]
[Board "4.1"]
[WhiteTitle "FM"]
[BlackTitle "FM"]
[WhiteElo "2292"]
[BlackElo "2396"]
[WhiteClock "00:25:08"]
[BlackClock "00:25:07"]
[WhiteTeam "Saarland & Friends"]
[BlackTeam "Schleswig-Holstein"]
[PlyCount "65"]
[WhiteFideId "16243536"]
[BlackFideId "16234464"]
[EventCountry "GER"]
[EventRounds "7"]
[EventType "team-swiss"]
[EventDate "2024.10.02"]

1. e4 {[%clk 01:30:54]} {[%emt 00:00:04]} c5 {[%clk 01:30:57]} {[%emt
00:00:04]} 2. Nf3 {[%clk 01:31:18]} {[%emt 00:00:04]} d6 {[%clk 01:30:09]}
{[%emt 00:01:19]} 3. Bb5+ {[%clk 01:29:48]} {[%emt 00:02:00]} Nd7 {[%clk
01:30:33]} {[%emt 00:00:06]} 4. O-O {[%clk 01:29:20]} {[%emt 00:00:58]} a6
{[%clk 01:30:58]} {[%emt 00:00:05]} 5. Be2 {[%clk 01:29:38]} {[%emt 00:00:11]}
Ngf6 {[%clk 01:30:47]} {[%emt 00:00:41]} 6. d3 {[%clk 01:29:56]} {[%emt
00:00:12]} g6 {[%clk 01:30:30]} {[%emt 00:00:48]} 7. c4 {[%clk 01:30:15]}
{[%emt 00:00:11]} Bg7 {[%clk 01:29:50]} {[%emt 00:01:09]} 8. Nc3 {[%clk
01:30:39]} {[%emt 00:00:06]} O-O {[%clk 01:25:52]} {[%emt 00:04:28]} 9. d4
{[%clk 01:30:59]} {[%emt 00:00:09]} cxd4 {[%clk 01:25:29]} {[%emt 00:00:54]}
10. Nxd4 {[%clk 01:31:20]} {[%emt 00:00:08]} Nc5 {[%clk 01:23:07]} {[%emt
00:02:52]} 11. f3 {[%clk 01:31:45]} {[%emt 00:00:05]} Bd7 {[%clk 01:21:28]}
{[%emt 00:02:09]} 12. Be3 {[%clk 01:28:47]} {[%emt 00:03:28]} Qa5 {[%clk
01:19:52]} {[%emt 00:02:06]} 13. a3 {[%clk 01:16:58]} {[%emt 00:12:19]} Na4
{[%clk 01:18:17]} {[%emt 00:02:05]} 14. Nxa4 {[%clk 01:15:05]} {[%emt
00:02:23]} Bxa4 {[%clk 01:16:28]} {[%emt 00:02:19]} 15. b3 {[%clk 01:13:18]}
{[%emt 00:02:17]} Bd7 {[%clk 01:13:57]} {[%emt 00:03:01]} 16. b4 {[%clk
01:08:31]} {[%emt 00:05:16]} Qc7 {[%clk 01:08:30]} {[%emt 00:05:58]} 17. Rc1
{[%clk 01:02:47]} {[%emt 00:06:14]} b6 {[%clk 01:03:58]} {[%emt 00:05:02]} 18.
Qd2 {[%clk 00:53:59]} {[%emt 00:09:17]} Qb7 {[%clk 01:02:48]} {[%emt 00:01:39]}
19. c5 {[%clk 00:49:16]} {[%emt 00:05:14]} bxc5 {[%clk 01:00:48]} {[%emt
00:02:31]} 20. bxc5 {[%clk 00:49:14]} {[%emt 00:00:33]} dxc5 {[%clk 01:00:51]}
{[%emt 00:00:27]} 21. Rxc5 {[%clk 00:49:16]} {[%emt 00:00:27]} e5 {[%clk
00:48:58]} {[%emt 00:12:24]} 22. Nc2 {[%clk 00:42:51]} {[%emt 00:06:54]} Rfc8
{[%clk 00:46:48]} {[%emt 00:02:39]} 23. Qb4 {[%clk 00:42:43]} {[%emt 00:00:39]}
Qxb4 {[%clk 00:45:57]} {[%emt 00:01:20]} 24. Nxb4 {[%clk 00:41:10]} {[%emt
00:02:03]} Rxc5 {[%clk 00:39:34]} {[%emt 00:06:53]} 25. Bxc5 {[%clk 00:41:31]}
{[%emt 00:00:09]} a5 {[%clk 00:37:30]} {[%emt 00:02:34]} 26. Nd3 {[%clk
00:40:24]} {[%emt 00:01:38]} Bb5 {[%clk 00:37:11]} {[%emt 00:00:48]} 27. Rb1
{[%clk 00:38:58]} {[%emt 00:01:55]} Ba6 {[%clk 00:35:16]} {[%emt 00:02:26]} 28.
Nc1 {[%clk 00:26:55]} {[%emt 00:12:33]} Bxe2 {[%clk 00:29:39]} {[%emt
00:06:07]} 29. Nxe2 {[%clk 00:27:19]} {[%emt 00:00:06]} Nd7 {[%clk 00:29:41]}
{[%emt 00:00:28]} 30. Bd6 {[%clk 00:25:52]} {[%emt 00:01:57]} Ra6 {[%clk
00:25:21]} {[%emt 00:04:50]} 31. Be7 {[%clk 00:25:28]} {[%emt 00:00:53]} Re6
{[%clk 00:25:14]} {[%emt 00:00:38]} 32. Bd8 {[%clk 00:25:23]} {[%emt 00:00:35]}
Bf8 {[%clk 00:25:07]} {[%emt 00:00:37]} 33. Bxa5 {[%clk 00:25:08]} {[%emt
00:00:46]} 1/2-1/2

[Event "Deutsche Ländermeisterschaft 2024"]
[Site "Tübingen GER"]
[Date "2024.10.05"]
[Round "6"]
[White "Farokhi, Keyvan"]
[Black "Windmüller, Simon"]
[Result "1-0"]
[Termination "normal"]
[Board "4.2"]
[WhiteTitle "FM"]
[WhiteElo "2320"]
[BlackElo "2052"]
[WhiteClock "01:21:52"]
[BlackClock "00:47:32"]
[WhiteTeam "Schleswig-Holstein"]
[BlackTeam "Saarland & Friends"]
[PlyCount "47"]
[WhiteFideId "12998630"]
[BlackFideId "16274032"]
[EventCountry "GER"]
[EventRounds "7"]
[EventType "team-swiss"]
[EventDate "2024.10.02"]

1. d4 {[%clk 01:30:59]} Nf6 {[%clk 01:30:51]} {[%emt 00:00:10]} 2. c4 {[%clk
01:31:23]} {[%emt 00:00:06]} g6 {[%clk 01:31:05]} {[%emt 00:00:16]} 3. Nc3
{[%clk 01:31:35]} {[%emt 00:00:18]} d5 {[%clk 01:31:24]} {[%emt 00:00:10]} 4.
Bf4 {[%clk 01:30:45]} {[%emt 00:01:20]} Bg7 {[%clk 01:30:56]} {[%emt 00:00:58]}
5. e3 {[%clk 01:31:07]} {[%emt 00:00:07]} O-O {[%clk 01:30:56]} {[%emt
00:00:30]} 6. cxd5 {[%clk 01:31:31]} {[%emt 00:00:07]} Nxd5 {[%clk 01:31:00]}
{[%emt 00:00:25]} 7. Nxd5 {[%clk 01:31:55]} {[%emt 00:00:06]} Qxd5 {[%clk
01:31:17]} {[%emt 00:00:12]} 8. Bxc7 {[%clk 01:32:17]} {[%emt 00:00:08]} Na6
{[%clk 01:27:24]} {[%emt 00:04:24]} 9. Bxa6 {[%clk 01:32:24]} {[%emt 00:00:23]}
Qxg2 {[%clk 01:23:56]} {[%emt 00:03:58]} 10. Qf3 {[%clk 01:32:47]} {[%emt
00:00:06]} Qxf3 {[%clk 01:24:18]} {[%emt 00:00:09]} 11. Nxf3 {[%clk 01:33:12]}
{[%emt 00:00:06]} bxa6 {[%clk 01:24:44]} {[%emt 00:00:04]} 12. Rc1 {[%clk
01:33:33]} {[%emt 00:00:09]} Bb7 {[%clk 01:20:29]} {[%emt 00:04:44]} 13. Ke2
{[%clk 01:32:19]} {[%emt 00:01:45]} Rac8 {[%clk 01:14:03]} {[%emt 00:06:55]}
14. Rc5 {[%emt 00:09:38]} f6 {[%clk 01:02:20]} {[%emt 00:02:52]} 15. Rhc1
{[%clk 01:31:40]} {[%emt 00:01:23]} Rf7 {[%clk 01:02:15]} {[%emt 00:00:36]} 16.
d5 {[%clk 01:29:37]} {[%emt 00:02:32]} Bf8 {[%clk 00:55:28]} {[%emt 00:07:17]}
17. Nd4 {[%clk 01:28:28]} {[%emt 00:01:39]} h5 {[%clk 00:54:09]} {[%emt
00:01:49]} 18. Ne6 {[%clk 01:27:57]} {[%emt 00:01:02]} Rh7 {[%clk 00:53:18]}
{[%emt 00:01:21]} 19. e4 {[%clk 01:24:24]} {[%emt 00:04:01]} g5 {[%clk
00:53:00]} {[%emt 00:00:49]} 20. Ba5 {[%clk 01:22:12]} {[%emt 00:02:43]} Rb8
{[%clk 00:48:38]} {[%emt 00:04:52]} 21. R1c3 {[%clk 01:21:10]} {[%emt
00:01:32]} h4 {[%clk 00:47:01]} {[%emt 00:02:07]} 22. Rb3 {[%clk 01:21:27]}
{[%emt 00:00:13]} g4 {[%clk 00:47:15]} {[%emt 00:00:16]} 23. Bc7 {[%clk
01:21:35]} {[%emt 00:00:22]} g3 {[%clk 00:47:32]} {[%emt 00:00:13]} 24. fxg3
{[%clk 01:21:52]} {[%emt 00:00:12]} 1-0

[Event "Deutsche Ländermeisterschaft 2024"]
[Site "Tübingen GER"]
[Date "2024.10.05"]
[Round "6"]
[White "Sheng, Ming"]
[Black "Bräutigam, Alexander"]
[Result "1/2-1/2"]
[Termination "normal"]
[Board "4.3"]
[WhiteElo "2007"]
[BlackElo "2104"]
[WhiteClock "00:17:57"]
[BlackClock "00:10:49"]
[WhiteTeam "Saarland & Friends"]
[BlackTeam "Schleswig-Holstein"]
[PlyCount "143"]
[WhiteFideId "34605258"]
[BlackFideId "16245210"]
[EventCountry "GER"]
[EventRounds "7"]
[EventType "team-swiss"]
[EventDate "2024.10.02"]

1. e4 {[%clk 01:30:59]} {[%emt 00:34:44]} c5 {[%clk 01:30:54]} {[%emt
00:00:06]} 2. Nf3 {[%clk 01:31:26]} {[%emt 00:00:03]} d6 {[%clk 01:31:20]}
{[%emt 00:00:04]} 3. d4 {[%clk 01:31:54]} {[%emt 00:00:03]} cxd4 {[%clk
01:31:47]} {[%emt 00:00:03]} 4. Nxd4 {[%clk 01:32:20]} {[%emt 00:00:04]} Nf6
{[%clk 01:32:12]} {[%emt 00:00:04]} 5. Nc3 {[%clk 01:32:46]} {[%emt 00:00:04]}
a6 {[%clk 01:32:37]} {[%emt 00:00:04]} 6. Be3 {[%clk 01:33:10]} {[%emt
00:00:06]} e5 {[%clk 01:32:58]} {[%emt 00:00:08]} 7. Nb3 {[%clk 01:33:36]}
{[%emt 00:00:04]} Be7 {[%clk 01:32:53]} {[%emt 00:00:35]} 8. f3 {[%clk
01:33:59]} {[%emt 00:00:07]} Be6 {[%clk 01:32:49]} {[%emt 00:00:34]} 9. Qd2
{[%clk 01:34:24]} {[%emt 00:00:06]} Nbd7 {[%clk 01:32:33]} {[%emt 00:00:46]}
10. g4 {[%clk 01:33:29]} {[%emt 00:01:25]} b5 {[%clk 01:32:38]} {[%emt
00:00:25]} 11. g5 {[%clk 01:33:18]} {[%emt 00:00:41]} b4 {[%clk 01:31:11]}
{[%emt 00:01:56]} 12. gxf6 {[%clk 01:32:22]} {[%emt 00:01:26]} bxc3 {[%clk
01:31:31]} {[%emt 00:00:11]} 13. Qxc3 {[%clk 01:32:50]} {[%emt 00:00:02]} Nxf6
{[%clk 01:18:44]} {[%emt 00:13:16]} 14. O-O-O {[%clk 01:31:55]} {[%emt
00:01:23]} O-O {[%clk 01:17:37]} {[%emt 00:01:38]} 15. Na5 {[%clk 01:30:58]}
{[%emt 00:01:27]} Rc8 {[%clk 01:15:21]} {[%emt 00:02:46]} 16. Nc6 {[%clk
01:31:14]} {[%emt 00:00:15]} Qc7 {[%clk 01:15:39]} {[%emt 00:00:11]} 17. Nxe7+
{[%clk 01:31:39]} {[%emt 00:00:07]} Qxe7 {[%clk 01:16:08]} {[%emt 00:00:02]}
18. Qa5 {[%clk 01:31:53]} {[%emt 00:00:14]} Rc6 {[%clk 01:15:04]} {[%emt
00:01:33]} 19. Kb1 {[%clk 01:30:14]} {[%emt 00:02:10]} Qb7 {[%clk 00:43:51]}
{[%emt 00:31:43]} 20. b3 {[%clk 01:20:14]} {[%emt 00:10:30]} Rfc8 {[%clk
00:28:19]} {[%emt 00:16:02]} 21. c4 {[%clk 01:16:14]} {[%emt 00:04:30]} Nd7
{[%clk 00:24:33]} {[%emt 00:04:17]} 22. Ka1 {[%clk 01:12:14]} {[%emt 00:04:29]}
Nc5 {[%clk 00:23:17]} {[%emt 00:01:38]} 23. Qc3 {[%clk 01:03:10]} {[%emt
00:09:41]} Qc7 {[%clk 00:20:57]} {[%emt 00:02:51]} 24. Be2 {[%clk 00:58:53]}
{[%emt 00:04:46]} a5 {[%clk 00:21:14]} {[%emt 00:00:14]} 25. Bxc5 {[%clk
00:46:26]} {[%emt 00:12:56]} dxc5 {[%clk 00:21:26]} {[%emt 00:00:18]} 26. a4
{[%clk 00:46:06]} {[%emt 00:00:50]} f6 {[%clk 00:15:47]} {[%emt 00:06:09]} 27.
Rd3 {[%clk 00:43:20]} {[%emt 00:03:17]} Rd8 {[%clk 00:08:35]} {[%emt 00:07:41]}
28. Rxd8+ {[%clk 00:42:55]} {[%emt 00:00:55]} Qxd8 {[%clk 00:09:04]} {[%emt
00:00:02]} 29. Rd1 {[%clk 00:42:43]} {[%emt 00:00:42]} Rd6 {[%clk 00:08:57]}
{[%emt 00:00:37]} 30. Rxd6 {[%clk 00:37:22]} {[%emt 00:05:50]} Qxd6 {[%clk
00:09:26]} 31. Qxa5 {[%clk 00:37:34]} {[%emt 00:00:19]} Qd4+ {[%clk 00:09:54]}
{[%emt 00:00:02]} 32. Ka2 {[%clk 00:37:32]} {[%emt 00:00:31]} f5 {[%clk
00:10:23]} {[%emt 00:00:02]} 33. exf5 {[%clk 00:36:41]} {[%emt 00:01:20]} Bxf5
{[%clk 00:08:13]} {[%emt 00:02:40]} 34. Qa8+ {[%clk 00:36:38]} {[%emt
00:00:33]} Kf7 {[%clk 00:08:39]} {[%emt 00:00:04]} 35. Qd5+ {[%clk 00:36:45]}
{[%emt 00:00:23]} Ke7 {[%clk 00:09:01]} {[%emt 00:00:08]} 36. Qxd4 {[%clk
00:37:06]} {[%emt 00:00:09]} exd4 {[%clk 00:09:23]} {[%emt 00:00:09]} 37. b4
{[%clk 00:33:18]} {[%emt 00:04:18]} Bc2 {[%clk 00:07:17]} {[%emt 00:02:35]} 38.
Kb2 {[%clk 00:31:11]} {[%emt 00:02:37]} d3 {[%clk 00:07:33]} {[%emt 00:00:14]}
39. Bf1 {[%clk 00:31:03]} {[%emt 00:00:38]} cxb4 {[%clk 00:06:27]} {[%emt
00:01:37]} 40. a5 {[%clk 00:30:39]} {[%emt 00:00:53]} Kd6 {[%clk 00:05:36]}
{[%emt 00:01:06]} 41. a6 {[%clk 00:28:27]} {[%emt 00:02:57]} Kc7 {[%clk
00:05:45]} {[%emt 00:00:20]} 42. c5 {[%clk 00:27:54]} {[%emt 00:01:04]} Kb8
{[%clk 00:05:58]} {[%emt 00:00:17]} 43. c6 {[%clk 00:27:39]} {[%emt 00:00:46]}
Ba4 {[%clk 00:05:50]} {[%emt 00:00:37]} 44. Bxd3 {[%clk 00:27:12]} {[%emt
00:00:58]} Bxc6 {[%clk 00:06:19]} 45. f4 {[%clk 00:27:18]} {[%emt 00:00:24]}
Bd5 {[%clk 00:05:24]} {[%emt 00:01:24]} 46. Bxh7 {[%clk 00:27:36]} {[%emt
00:00:13]} Bc4 {[%clk 00:05:48]} {[%emt 00:00:06]} 47. Kc2 {[%clk 00:26:11]}
{[%emt 00:01:55]} Bxa6 {[%clk 00:05:38]} {[%emt 00:00:40]} 48. Kb3 {[%clk
00:26:11]} {[%emt 00:00:30]} Kc7 {[%clk 00:05:52]} {[%emt 00:00:15]} 49. Kxb4
{[%clk 00:26:29]} {[%emt 00:00:13]} Kd6 {[%clk 00:06:05]} {[%emt 00:00:16]} 50.
Be4 {[%clk 00:25:47]} {[%emt 00:01:11]} Ke7 {[%clk 00:06:22]} {[%emt 00:00:14]}
51. Kc5 {[%clk 00:25:52]} {[%emt 00:00:24]} Kf6 {[%clk 00:06:39]} {[%emt
00:00:14]} 52. h4 {[%clk 00:26:03]} {[%emt 00:00:20]} Be2 {[%clk 00:06:29]}
{[%emt 00:00:40]} 53. Kd4 {[%clk 00:25:27]} {[%emt 00:01:03]} Bg4 {[%clk
00:06:42]} {[%emt 00:00:20]} 54. Ke3 {[%clk 00:23:22]} {[%emt 00:02:35]} Bd1
{[%clk 00:06:54]} {[%emt 00:00:17]} 55. Kf2 {[%clk 00:23:27]} {[%emt 00:00:25]}
Bg4 {[%clk 00:06:54]} {[%emt 00:00:29]} 56. Kg3 {[%clk 00:23:31]} {[%emt
00:00:27]} Bd1 {[%clk 00:07:02]} {[%emt 00:00:21]} 57. Kf2 {[%clk 00:21:57]}
{[%emt 00:02:05]} Bb3 {[%clk 00:07:11]} {[%emt 00:00:21]} 58. Bd3 {[%clk
00:21:20]} {[%emt 00:01:07]} Bd1 {[%clk 00:07:20]} {[%emt 00:00:18]} 59. Kg3
{[%clk 00:19:27]} {[%emt 00:02:27]} Bb3 {[%clk 00:07:41]} {[%emt 00:00:09]} 60.
h5 {[%clk 00:19:47]} {[%emt 00:00:10]} Bd1 {[%clk 00:07:51]} {[%emt 00:00:19]}
61. Kh4 {[%clk 00:19:29]} {[%emt 00:00:45]} Bf3 {[%clk 00:07:49]} {[%emt
00:00:33]} 62. Bg6 {[%clk 00:18:28]} {[%emt 00:01:33]} Bd1 {[%clk 00:08:12]}
{[%emt 00:00:08]} 63. Be4 {[%clk 00:18:25]} {[%emt 00:00:31]} Be2 {[%clk
00:08:33]} {[%emt 00:00:11]} 64. Bb1 {[%clk 00:18:28]} {[%emt 00:00:26]} Bd1
{[%clk 00:08:53]} {[%emt 00:00:10]} 65. Bg6 {[%clk 00:18:46]} {[%emt 00:00:12]}
Be2 {[%clk 00:09:16]} {[%emt 00:00:07]} 66. Kg3 {[%clk 00:18:17]} {[%emt
00:00:59]} Bd1 {[%clk 00:09:35]} {[%emt 00:00:09]} 67. Kf2 {[%clk 00:18:23]}
{[%emt 00:00:26]} Bg4 {[%clk 00:09:52]} {[%emt 00:00:13]} 68. Ke3 {[%clk
00:18:29]} {[%emt 00:00:24]} Bd1 {[%clk 00:10:12]} {[%emt 00:00:10]} 69. Kd4
{[%clk 00:17:56]} {[%emt 00:01:04]} Bf3 {[%clk 00:10:29]} {[%emt 00:00:11]} 70.
Be8 {[%clk 00:17:59]} {[%emt 00:00:28]} Bd1 {[%clk 00:10:26]} {[%emt 00:00:33]}
71. Bg6 {[%clk 00:17:35]} {[%emt 00:00:55]} Bf3 {[%clk 00:10:49]} {[%emt
00:00:07]} 72. Kc5 {[%clk 00:17:57]} {[%emt 00:00:09]} 1/2-1/2